Asian Countries by Emoji - Statistics

General Stats
  • This quiz has been taken 81 times
  • The average score is 6 of 15
Answer Stats
Hint Answer % Correct
πŸΌβ˜―οΈπŸ‰ China
99%
βœ‘οΈπŸ§†πŸŒ΄ Israel
63%
πŸŒΈβ›©πŸ£ Japan
63%
πŸŒ†πŸ₯’πŸ₯‹ South Korea
59%
πŸ•‹πŸ›’βš”οΈ Saudi Arabia
43%
πŸ΄πŸœβ„οΈ Mongolia
41%
πŸ˜πŸŒΆπŸ’ Thailand
41%
πŸͺ˜πŸͺ·πŸ•‰ India
37%
πŸšπŸ§‘β€πŸŒΎπŸ›Ά Vietnam
35%
πŸ’ΈπŸŒƒπŸ›₯ Singapore
34%
🏟⚽️β˜ͺ️ Qatar
32%
πŸπŸŒ‹πŸ Indonesia
29%
πŸ›•πŸ”πŸ† Nepal
22%
πŸ˜βš½οΈπŸ›’ Iran
15%
πŸ΄πŸ”πŸ«– Kazakhstan
15%
No matching quizzes found
Score Distribution
Percent of People with Each Score
Percentile by Number Answered
Your Score History
You have not taken this quiz